[Event "Match"]
[Site "www.echecsemail.com"]
[Date "2019.12.10"]
[Round "1"]
[White "Cal"]
[Black "Zsigazsuga"]
[WhiteElo "1750"]
[BlackElo "1499"]
[Result "0-1"]
[Round "1"]
1.e4 c5
2.c4 Nb8c6
3.a3 d6
4.Nb1c3 Ng8f6
5.h3 e6
6.d3 Bf8e7
7.Bc1g5 O-O
8.Ng1f3 Ra8b8
9.Bf1e2 a6
10.O-O Bc8d7
11.b3 b5
12.cxb5 axb5
13.a4 Qd8a5
14.Qd1c2 b4
15.Nc3b5 Nf6e8
16.Bg5xe7 Nc6xe7
17.d4 Bd7xb5
18.axb5 Qa5d8
19.dxc5 dxc5
20.Nf3g5 h6
21.Ng5f3 Qd8c8
22.Nf3h2 e5
23.Be2c4 Ne8d6
24.Bc4e2 Nd6xb5
25.Be2xb5 Rb8xb5
26.Nh2g4 Qc8e6
27.f4 exf4
28.Rf1xf4 Ne7c6
29.Ra1a6 Qe6c8
30.e5 Nc6d4
31.Qc2e4 Qc8xa6
32.Qe4d3 Qa6a1
33.Kh2 Qa1c3
34.Ng4f2 Qc3xd3
35.Nf2xd3 Nd4xb3
36.Rf4e4 Rf8d8
37.Nd3b2 Rd8d2
38.Nb2c4 Rd2d4
39.Re4xd4 Nb3xd4
40.Nc4d6 b3
41.Nd6c4 b2
42.Nc4d2 b1Q
43.Nd2xb1 Rb5xb1
{ resign }
0-1

[Event "Match"]
[Site "www.echecsemail.com"]
[Date "2019.12.10"]
[Round "1"]
[White "Tbsundar"]
[Black "Apdash"]
[WhiteElo "2290"]
[BlackElo "2260"]
[Result "0-1"]
[Round "1"]
1.d4 d5
2.c4 c6
3.e3 Ng8f6
4.Nb1d2 e6
5.Ng1f3 a5
6.Bf1d3 dxc4
7.Nd2xc4 b5
8.Nc4e5 Bc8b7
9.O-O Nb8d7
10.Qd1c2 Ra8c8
11.Bc1d2 h6
12.Rf1c1 Qd8b6
13.a4 b4
14.b3 Bf8e7
15.Ne5c4 Qb6d8
16.e4 c5
17.d5 exd5
 { time }
0-1

[Event "Match"]
[Site "www.echecsemail.com"]
[Date "2019.12.10"]
[Round "1"]
[White "Fegatux"]
[Black "Tbsundar"]
[WhiteElo "2230"]
[BlackElo "2320"]
[Result "1-0"]
[Round "1"]
1.e4 e5
2.Ng1f3 Nb8c6
3.Bf1c4 Ng8f6
4.d4 exd4
5.O-O Bf8e7
6.e5 Nf6e4
7.Rf1e1 d5
8.exd6 Ne4xd6
9.Bc4b3 O-O
10.Nf3xd4 Nc6xd4
11.Qd1xd4 Be7f6
12.Qd4f4 Bc8e6
13.Nb1d2 Bf6g5
14.Qf4f3 Qd8d7
15.Qf3g3 Bg5xd2
16.Bc1xd2 Nd6f5
17.Qg3f4 Nf5d4
18.Bd2b4 Be6xb3
19.cxb3 Rf8e8
20.Qf4d2 c5
21.Bb4c3 Qd7g4
22.Bc3xd4 cxd4
23.f3 Qg4d7
24.Re1d1 Ra8d8
25.Ra1c1 d3
26.Rc1c3 Qd7d4
27.Kh1 Re8e2
28.Qd2g5 f6
29.Qg5g3 Re2xb2
30.Rc3c7 Rd8d7
31.Rc7xd7 Qd4xd7
32.Qg3b8 Kf7
33.Qb8xa7 d2
34.Kg1 Kg6
35.Qa7e3 Rb2xa2
36.Kf2 Ra2b2
37.Qe3c3 Rb2a2
38.Qc3e3 b5
39.Ke2 b4
40.Qe3d3 Qd7xd3
41.Kxd3 Ra2b2
42.Kc4 Rb2c2
43.Kxb4  { time }
1-0

[Event "Match"]
[Site "www.echecsemail.com"]
[Date "2019.12.10"]
[Round "1"]
[White "Apdash"]
[Black "Foxy100"]
[WhiteElo "2280"]
[BlackElo "2460"]
[Result "0-1"]
[Round "1"]
1.e4 e5
2.Ng1f3 Nb8c6
3.d4 exd4
4.Nf3xd4 Bf8c5
5.c3 Qd8f6
6.Bc1e3 Ng8e7
7.f3 Qf6g6
8.Nd4f5 Bc5xe3
9.Nf5xe3 d6
10.Qd1c2 Bc8e6
11.Bf1b5 O-O-O
12.Nb1d2 Qg6g5
13.Kf2 Qg5xb5
14.a4 Qb5g5
15.b4 Nc6b8
16.c4 Nb8d7
17.a5 Nd7e5
18.h4 Qg5f6
19.b5 h5
20.Ne3d5 Be6xd5
21.cxd5 Kd7
22.b6 axb6
23.axb6 c6
24.Ra1a7 Rd8b8
25.dxc6 Ne7xc6
26.Ra7a1 Nc6b4
27.Qc2a4 Ke7
28.Ra1a3 Ne5d3
29.Ke2 Rb8a8
30.Qa4xa8 Rh8xa8
31.Ra3xa8 Nd3f4
32.Kf2 Nb4d3
33.Kf1 Qf6d4
{ resign }
0-1

[Event "Tourn. n10238"]
[Site "www.echecsemail.com"]
[Date "2019.12.10"]
[Round "1"]
[White "Bigrezi"]
[Black "Seger"]
[WhiteElo "2320"]
[BlackElo "2810"]
[Result "0-1"]
[Round "1"]
1.e4 e5
2.Ng1f3 d6
3.d4 exd4
4.Nf3xd4 Ng8f6
5.Nb1c3 Bf8e7
6.Bc1f4 O-O
7.Bf1e2 Nb8c6
8.O-O Rf8e8
9.Qd1d2 Nc6xd4
10.Qd2xd4 Nf6d7
11.Nc3d5 Nd7c5
12.Bf4d2 Be7f8
13.f3 Nc5e6
14.Qd4f2 c6
15.Nd5b4 d5
16.Nb4d3 c5
17.Bd2e3 d4
18.Be3d2 c4
19.Nd3e5 b5
20.Qf2g3 Ne6c5
21.Bd2f4 Qd8b6
22.Kh1 Qb6f6
23.a4 g5
24.Bf4xg5 Qf6xe5
25.Qg3xe5 Re8xe5
26.Bg5f4 Re5e8
27.axb5 d3
28.Be2d1 Bc8d7
29.Bf4e3 Bd7xb5
30.c3 a5
31.Be3xc5 Bf8xc5
32.Bd1a4 Re8b8
33.Rf1e1 Bb5xa4
34.Ra1xa4 Rb8xb2
35.e5 Rb2e2
{ resign }
0-1

[Event "Match"]
[Site "www.echecsemail.com"]
[Date "2019.12.10"]
[Round "1"]
[White "Gilliere"]
[Black "Estonia"]
[WhiteElo "2050"]
[BlackElo "1910"]
[Result "1-0"]
[Round "1"]
1.e4 e5
2.Ng1f3 Nb8c6
3.Bf1b5 Bf8c5
4.O-O Ng8e7
5.c3 d6
6.d4 exd4
7.cxd4 Bc5b6
8.d5 a6
9.Bb5a4 Bc8d7
10.dxc6 Bd7xc6
11.Ba4xc6 Ne7xc6
12.Nb1a3 O-O
13.Na3c4 Bb6a7
14.Rf1e1 Qd8f6
15.Ra1b1 Nc6e5
16.Nc4xe5 dxe5
17.Bc1g5 Qf6e6
18.b3 h6
19.Bg5e3 Ba7xe3
20.Re1xe3 Ra8d8
21.Re3d3 Rd8d6
22.Rd3xd6 cxd6
23.Qd1d5 Qe6f6
24.Qd5xb7 Qf6f4
25.Rb1e1 Qf4g4
26.Qb7xa6 Rf8d8
27.h3 Qg4c8
28.Qa6xc8 Rd8xc8
29.Re1a1 Kf8
30.a4 Rc8c2
31.a5 Rc2b2
32.a6 { resign }
1-0

[Event "Tourn. n10244"]
[Site "www.echecsemail.com"]
[Date "2019.12.11"]
[Round "1"]
[White "Libiesse"]
[Black "Malbertan"]
[WhiteElo "1990"]
[BlackElo "2080"]
[Result "1-0"]
[Round "1"]
1.Ng1f3 Ng8f6
2.d4 c5
3.c4 Nb8c6
4.d5 Nc6b8
5.Bc1g5 d6
6.Nb1c3 e6
7.Bg5xf6 Qd8xf6
8.e4 Bf8e7
9.Bf1d3 O-O
10.O-O Nb8a6
11.a3 e5
12.Nf3d2 Qf6g6
13.f4 exf4
14.Rf1xf4 Be7g5
15.Rf4f1 Bg5e3
16.Kh1 Bc8g4
17.Nd2f3 Na6c7
18.h3 Bg4d7
19.e5 Qg6g3
20.Nc3e4 Qg3f4
21.Ne4xd6 Be3d4
22.Qd1e2 Nc7e8
23.Nd6e4 Bd4xe5
24.Nf3xe5 Qf4xe5
25.Ne4xc5 Qe5c7
26.b4 b6
27.Qe2e4 Ne8f6
28.Rf1xf6 { resign }
1-0

[Event "Tourn. n10219"]
[Site "www.echecsemail.com"]
[Date "2019.12.11"]
[Round "1"]
[White "Galiany17"]
[Black "Tartan"]
[WhiteElo "2490"]
[BlackElo "2460"]
[Result "1-0"]
[Round "1"]
1.e4 e6
2.d4 d5
3.Nb1c3 Ng8f6
4.Bc1g5 Bf8b4
5.exd5 Qd8xd5
6.Bg5xf6 gxf6
7.Ng1e2 Nb8c6
8.Qd1d2 Bb4xc3
9.Ne2xc3 Qd5xd4
10.Qd2xd4 Nc6xd4
11.O-O-O c5
12.Nc3e4 Ke7
13.Ne4xc5 e5
14.c3 Nd4f5
15.g3 b6
16.Bf1g2 Ra8b8
17.Nc5d3 Bc8e6
18.Rh1e1 Rb8d8
19.Kc2 Kf8
20.a3 Nf5d6
21.Nd3b4 Rd8d7
22.Bg2c6 Rd7d8
23.Bc6f3 Rd8d7
24.Bf3c6 Rd7d8
25.Bc6f3 Rd8d7
26.Rd1d2 Nd6c8
27.Rd2xd7 Be6xd7
28.Re1d1 Bd7f5
29.Kb3 Nc8e7
30.Rd1d8 Kg7
31.Rd8xh8 Kxh8
32.Nb4c6 Ne7xc6
33.Bf3xc6 Kg7
34.Kb4 Bf5d3
35.c4 Bd3f5
36.a4 Kf8
37.a5 bxa5
38.Kxa5 Bf5c8
39.Bc6d5 Ke7
40.b4 f5
41.c5 f6
42.b5 { resign }
1-0

[Event "Match"]
[Site "www.echecsemail.com"]
[Date "2019.12.11"]
[Round "1"]
[White "Gilliere"]
[Black "Joseph1983"]
[WhiteElo "2050"]
[BlackElo "2210"]
[Result "0-1"]
[Round "1"]
1.e4 c5
2.Ng1f3 d6
3.d4 cxd4
4.Nf3xd4 Ng8f6
5.Nb1c3 g6
6.h3 Bf8g7
7.Bf1d3 O-O
8.Nd4e2 Nb8c6
9.O-O Bc8d7
10.Bc1e3 Nc6e5
11.a3 Ra8c8
12.Be3xa7 b6
13.Nc3b5 Bd7xb5
14.Bd3xb5 Qd8c7
15.Ba7xb6 Qc7xb6
16.Ne2d4 Nf6xe4
17.c3 Rc8xc3
18.bxc3 Ne4xc3
{ resign }
0-1

[Event "Match"]
[Site "www.echecsemail.com"]
[Date "2019.12.11"]
[Round "1"]
[White "Fereike"]
[Black "Fegatux"]
[WhiteElo "1720"]
[BlackElo "2230"]
[Result "0-1"]
[Round "1"]
1.e4 d6
2.c4 Ng8f6
3.Nb1c3 e5
4.d4 exd4
5.Qd1xd4 Nb8c6
6.Qd4d1 Bf8e7
7.f3 O-O
8.Bc1e3 Bc8e6
9.Nc3d5 Nc6e5
10.Ng1e2 c6
11.Nd5xe7 Qd8xe7
12.Ne2c3 Be6xc4
13.Bf1xc4 Ne5xc4
14.Be3f4 Nf6h5
15.Bf4c1 Qe7h4
16.Kf1 Nh5g3
17.Kg1 Ng3xh1
18.Kxh1 Ra8d8
19.g3 Qh4h3
20.Bc1f4 Nc4e5
21.Qd1f1 Qh3xf1
{ resign }
0-1

[Event "Tourn. n10260"]
[Site "www.echecsemail.com"]
[Date "2019.12.11"]
[Round "1"]
[White "Fantomas"]
[Black "Claudia"]
[WhiteElo "2080"]
[BlackElo "2110"]
[Result "1/2-1/2"]
[Round "1"]
1.e4 c5
2.Ng1f3 d6
3.Bf1c4 e6
4.O-O Ng8f6
5.Nb1c3 Bf8e7
6.d4 cxd4
7.Nf3xd4 a6
{ draw }
1/2-1/2

[Event "Tourn. n10253"]
[Site "www.echecsemail.com"]
[Date "2019.12.11"]
[Round "1"]
[White "Apdash"]
[Black "Obisporey"]
[WhiteElo "2240"]
[BlackElo "2580"]
[Result "0-1"]
[Round "1"]
1.e4 c5
2.Ng1f3 d6
3.d4 cxd4
4.Nf3xd4 Ng8f6
5.Nb1c3 a6
6.a4 e6
7.Bf1c4 Bf8e7
8.O-O O-O
9.Bc1e3 Nb8c6
10.f4 d5
11.exd5 exd5
12.Bc4a2 Be7c5
13.Nc3e2 Bc8g4
14.Qd1d3 Rf8e8
15.Be3f2 Nc6b4
16.Qd3d1 Bc5xd4
17.Qd1xd4 Nb4xc2
18.Qd4c5 Ra8c8
19.Qc5a7 Bg4xe2
20.Qa7xb7 Rc8b8
21.Qb7c6 Nc2b4
22.Qc6c3 Nb4xa2
23.Ra1xa2 Be2xf1
24.Kxf1 Rb8c8
25.Qc3d2 Nf6e4
{ resign }
0-1

[Event "Tourn. n10220"]
[Site "www.echecsemail.com"]
[Date "2019.12.11"]
[Round "1"]
[White "Johnmcbride"]
[Black "Kevinking"]
[WhiteElo "1870"]
[BlackElo "2020"]
[Result "1-0"]
[Round "1"]
1.e4 e6
2.e5 d5
3.d4 c5
4.Bc1e3 cxd4
5.Be3xd4 Nb8c6
6.Bf1b5 Bc8d7
7.Bb5xc6 bxc6
8.a3 c5
9.Bd4e3 Bd7c6
10.f4 d4
11.Ng1f3 dxe3
12.Qd1xd8 Ra8xd8
13.O-O c4
14.Nb1c3 Bf8c5
15.Nc3e2 Ng8e7
16.Ra1d1 O-O
17.c3 Bc6e4
18.Nf3g5 Be4d3
19.Rd1e1 Ne7f5
20.Rf1f3 h6
21.Ng5h3 Bd3xe2
22.Re1xe2 Rd8d2
23.Kf1 Rf8d8
24.g4 Rd2d1
25.Re2e1 e2
26.Kxe2 Rd8d2
27.Kf1 Nf5e3
28.Rf3xe3 Bc5xe3
29.Re1xd1 Rd2xd1
30.Ke2 Rd1d3
31.f5 exf5
32.gxf5 Be3c1
33.Nh3f2 Bc1xb2
34.Nf2xd3 { resign }
1-0

[Event "1/32 Finale"]
[Site "www.chess-mail.com"]
[Date "2019.12.11"]
[Round "1"]
[White "Hennie4820"]
[Black "George1955"]
[WhiteElo "2130"]
[BlackElo "2610"]
[Result "0-1"]
[Round "1"]
1.e4 c6
2.d4 d5
3.Nb1d2 dxe4
4.Nd2xe4 Bc8f5
5.Ne4g3 Bf5g6
6.Ng1f3 Nb8d7
7.h4 h6
8.h5 Bg6h7
9.Bf1d3 Bh7xd3
10.Qd1xd3 e6
11.Bc1f4 Qd8a5
12.c3 Ng8f6
13.Nf3e5 Nd7xe5
14.Bf4xe5 O-O-O
15.Be5xf6 gxf6
16.a3 Qa5d5
17.Qd3e4 Qd5b3
18.Ra1b1 f5
19.Qe4e5 Bf8d6
20.Qe5e2 Rh8g8
21.Rh1h3 f4
22.Ng3e4 Rg8xg2
23.Rh3h1 Rg2g8
24.Ne4xd6 Rd8xd6
25.Qe2e5 Qb3c2
26.Rb1d1 Qc2xb2
27.Qe5xd6 Qb2xc3
28.Ke2 f3
29.Kf1 Qc3c4
{ resign }
0-1

[Event "Eq:Tigers of Istanbul-Night and bishop : "]
[Site "www.chess-mail.com"]
[Date "2019.12.11"]
[Round "1"]
[White "Picifarkinca"]
[Black "Orhany24"]
[WhiteElo "1610"]
[BlackElo "2160"]
[Result "1-0"]
[Round "1"]
1.e4 e5
2.Ng1f3 Nb8c6
3.Bf1b5 a6
4.Bb5a4 Ng8f6
5.O-O b5
6.Ba4b3 Bf8e7
7.Qd1e2 d6
8.c3 Nc6a5
9.Bb3c2 c5
10.d3 h6
11.Nb1d2 O-O
12.Rf1d1 Qd8c7
13.Nd2f1 Na5c6
14.Nf1e3 Bc8e6
15.d4 Be6d7
16.Ne3d5 Qc7d8
17.dxc5 Bd7g4
18.Nd5xf6 Be7xf6
19.Rd1xd6 Qd8c7
20.b4 Bf6e7
21.Rd6xc6 Qc7xc6
22.Nf3xe5 Bg4xe2
23.Ne5xc6 Be7d8
24.a4 Bd8f6
25.e5 Bf6xe5
26.Nc6xe5 Rf8e8
27.Bc1f4 g5
28.Bf4g3 f6
29.Ne5d7 Kg7
30.f3 Be2c4
31.Nd7b6 Ra8d8
32.Nb6xc4 bxc4
33.Bg3d6 Re8e2
34.Bc2f5 { resign }
1-0

[Event "Match"]
[Site "www.echecsemail.com"]
[Date "2019.12.12"]
[Round "1"]
[White "Fereike"]
[Black "Andychesston"]
[WhiteElo "1590"]
[BlackElo "1890"]
[Result "1-0"]
[Round "1"]
1.e3 e5
2.c4 Ng8f6
3.Nb1c3 d6
4.g3 c6
5.Bf1g2 Bf8e7
6.b4 O-O
7.Bc1b2 b6
8.b5 Bc8b7
9.d4 Qd8c7
10.Ra1c1 Nb8d7
11.Ng1e2 d5
12.cxd5 c5
13.d6 Be7xd6
14.d5 c4
15.O-O Nd7c5
16.Rc1c2 Nc5d3
17.Bb2a1 Ra8d8
18.a4 Qc7c8
19.Ne2c1 Nd3b4
20.Rc2d2 Qc8a8
21.e4 a5
22.Nc1e2 Kh8
23.Nc3a2 Nf6g8
24.f4 Bd6c5
25.Kh1 Nb4d3
26.fxe5 Nd3xe5
27.Ba1xe5 f6
28.Be5d4 Rd8e8
29.Na2c3 Ng8h6
30.Bd4xc5 bxc5
31.Ne2f4 Nh6g4
32.Qd1xg4 Re8e5
33.Nf4e6 g6
34.Ne6xc5 Bb7c8
35.Qg4f4 g5
36.Qf4xe5 fxe5
37.Rf1xf8 Kg7
38.Rd2f2 Qa8a7
39.Rf8xc8 h5
40.Nc5e6 Kg6
41.Rc8g8 Kh6
42.Rf2f6 { resign }
1-0

[Event "Tourn. n10235"]
[Site "www.echecsemail.com"]
[Date "2019.12.12"]
[Round "1"]
[White "Chessdna"]
[Black "Iko"]
[WhiteElo "1700"]
[BlackElo "1800"]
[Result "0-1"]
[Round "1"]
1.e4 e5
2.Ng1f3 Ng8f6
3.Nf3xe5 Nf6xe4
4.Bf1d3 d6
5.Bd3xe4 dxe5
6.b3 Qd8d4
7.Nb1c3 Bf8b4
8.Bc1b2 Bb4xc3
9.f3 Bc3xb2
10.c3 Qd4d6
11.Ra1b1 Qd6a3
12.Qd1c2 Qa3xa2
13.Rb1xb2 Qa2a1
14.Rb2b1 Qa1a3
15.O-O g6
16.b4 a5
17.Rb1a1 axb4
18.Ra1xa3 bxa3
19.Qc2a2 O-O
 { time }
0-1

[Event "Tourn. n10196"]
[Site "www.echecsemail.com"]
[Date "2019.12.12"]
[Round "1"]
[White "Krystek23"]
[Black "Jerome"]
[WhiteElo "2540"]
[BlackElo "2480"]
[Result "0-1"]
[Round "1"]
1.c4 f5
2.Nb1c3 Ng8f6
3.Ng1f3 e6
4.d3 Bf8e7
5.g3 O-O
6.Bf1g2 d6
7.O-O e5
8.b4 Qd8e8
9.a4 Qe8h5
10.b5 Nb8d7
11.e3 a6
12.Bc1a3 Be7d8
13.Ra1c1 axb5
14.cxb5 f4
15.e4 g5
16.d4 exd4
17.Nf3xd4 Nd7e5
18.Qd1xh5 Nf6xh5
19.Rf1d1 Bc8g4
20.f3 Bg4d7
21.g4 Nh5g7
22.Nd4f5 Ng7xf5
23.exf5 h5
24.h3 Ne5c4
25.Ba3b4 Nc4e3
26.Rd1d2 hxg4
27.hxg4 Kf7
28.a5 Rf8h8
29.Nc3d5 Bd7xb5
30.Nd5xe3 fxe3
31.Rd2b2 Rh8e8
32.f4 c6
33.fxg5 Bd8xg5
34.Bg2f3 e2
35.Rc1e1 d5
36.Kg2 Bg5h4
37.Re1xe2 Bb5xe2
38.Bf3xe2 Bh4f6
39.Rb2d2 Re8e4
40.Bb4d6 Ra8xa5
41.Be2f3 Re4e1
42.Kf2 Ra5a1
43.Kg3 Re1g1
44.Kf4 Ra1a4
45.Ke3 Bf6g5
46.Kf2 Ra4a1
47.Bf3xd5 cxd5
48.Rd2b2 Ra1f1
49.Ke2 Rg1g2
50.Kxf1 Rg2xb2
51.Bd6e5 Rb2b4
52.Kf2 Rb4xg4
53.Be5c7 Kf6
54.Ke2 Kxf5
55.Kd3 b5
{ resign }
0-1

[Event "Tourn. n10225"]
[Site "www.echecsemail.com"]
[Date "2019.12.12"]
[Round "1"]
[White "Andychesston"]
[Black "Malbertan"]
[WhiteElo "1890"]
[BlackElo "2050"]
[Result "0-1"]
[Round "1"]
1.e4 e5
2.Ng1f3 Nb8c6
3.d4 d5
4.Bf1b5 dxe4
5.Nf3xe5 Bc8d7
6.Ne5xd7 Qd8xd7
7.Nb1c3 a6
8.Bb5xc6 Qd7xc6
9.d5 Qc6c4
10.Bc1d2 Ng8f6
11.b3 Qc4c5
12.O-O Bf8d6
13.b4 Qc5c4
14.a3 O-O
15.Ra1b1 Nf6xd5
16.Rb1b3 Nd5xc3
17.Rb3xc3 Qc4e6
18.Rc3h3 Qe6g6
19.f4 Ra8e8
20.f5 Qg6f6
21.Qd1g4 e3
22.Bd2xe3 Re8e7
23.Be3d4 Bd6e5
24.Bd4xe5 Re7xe5
25.Rh3g3 Rf8e8
26.Qg4d4 Qf6b6
27.Qd4xb6 cxb6
28.f6 g6
29.h4 Re5e3
30.Rg3xe3 Re8xe3
31.Rf1d1 Re3e8
32.g4 h6
33.g5 hxg5
34.hxg5 Re8e5
35.Rd1f1 Re5xg5
36.Kh2 Rg5f5
37.Rf1xf5 gxf5
38.Kg3 Kh7
39.Kf4 Kg6
40.a4 Kxf6
41.c4 Ke6
42.c5 bxc5
43.bxc5 a5
44.Ke3 Ke5
45.Kd3 f4
46.Ke2 Ke4
47.Kf2 f5
48.Ke2 f3
49.Kf2 f4
50.Ke1 Ke3
{ resign }
0-1

[Event "Tourn. n10251"]
[Site "www.echecsemail.com"]
[Date "2019.12.12"]
[Round "1"]
[White "Stepanpech"]
[Black "Jalenakravit"]
[WhiteElo "2720"]
[BlackElo "2669"]
[Result "1-0"]
[Round "1"]
1.e4 c5
2.Ng1f3 d6
3.d4 cxd4
4.Nf3xd4 Ng8f6
5.Nb1c3 a6
6.Bc1e3 e5
7.Nd4b3 Bc8e6
8.f3  { time }
1-0

[Event "Tourn. n10234"]
[Site "www.echecsemail.com"]
[Date "2019.12.12"]
[Round "1"]
[White "Krystek23"]
[Black "Galiany17"]
[WhiteElo "2380"]
[BlackElo "2610"]
[Result "0-1"]
[Round "1"]
1.c4 e6
2.Nb1c3 c5
3.Ng1f3 Ng8f6
4.g3 d5
5.d4 cxd4
6.Nf3xd4 e5
7.Nd4c2 d4
8.Nc3b1 Nb8c6
9.Bf1g2 Bc8f5
10.O-O Bf8e7
11.Bc1g5 O-O
12.Nb1d2 Qd8b6
13.b4 Nc6xb4
14.Nc2xb4 Be7xb4
15.Bg5xf6 Qb6xf6
16.Bg2xb7 Ra8b8
17.Bb7d5 Bf5h3
18.Bd5g2 Bh3xg2
19.Kxg2 Qf6c6
20.f3 g6
21.Ra1b1 a5
22.Qd1c2 Bb4xd2
23.Qc2xd2 Qc6xc4
24.Rf1c1 Qc4d5
25.Rb1xb8 Rf8xb8
26.Qd2d3 Rb8b2
27.a4 Kg7
28.Rc1b1 Rb2b4
29.Qd3c2 Qd5c4
30.Qc2xc4 Rb4xc4
31.Rb1b5 Rc4xa4
32.Rb5xe5 Ra4a2
33.Kf1 a4
34.Re5d5 a3
35.Rd5xd4 Ra2b2
36.Rd4a4 a2
37.Kf2 Kf6
38.Ra4a5 Ke6
39.h4 Kd6
40.Ra5a8 Kc5
41.Ke3 Kc4
42.Ra8a5 Kb3
43.h5 gxh5
44.Ra5a7 Rb2b1
45.Ra7b7 Kc2
46.Rb7c7 Kd1
47.Kf2 a1Q
48.Rc7d7 Kc2
49.Rd7c7 Kb3
50.Rc7b7 Kc4
51.Rb7c7 Kd5
52.Rc7xf7 Qa1d4
{ resign }
0-1

[Event "Tourn. n10233"]
[Site "www.echecsemail.com"]
[Date "2019.12.12"]
[Round "1"]
[White "Passaroa25"]
[Black "Hansen"]
[WhiteElo "1650"]
[BlackElo "1650"]
[Result "1-0"]
[Round "1"]
1.Ng1f3 e6
2.Nb1c3 a6
3.e4 f6
4.d4 Bf8b4
5.a3 Bb4d6
6.Bc1d2 b5
7.Bf1e2 Bc8b7
8.O-O f5
9.Bd2g5 Bd6e7
10.e5 Be7xg5
11.Nf3xg5 Qd8xg5
12.Be2f3 c6
13.g3 Ng8h6
14.Nc3e2 O-O
15.Ne2f4 a5
16.c3 g6
17.h4 Qg5e7
18.Nf4h3 c5
19.Bf3xb7 Ra8a7
20.Bb7g2 Nh6g4
21.Nh3g5 h6
22.Ng5f3 f4
23.Nf3d2 h5
24.f3 Ng4e3
25.Qd1e2 Ra7b7
26.Rf1c1 cxd4
27.cxd4 d6
28.gxf4 Ne3f5
29.exd6 Qe7xd6
30.Nd2b3 Qd6xf4
31.Qe2xe6 Rf8f7
32.Qe6xg6 Rf7g7
33.Rc1c8 { resign }
1-0

[Event "Match"]
[Site "www.echecsemail.com"]
[Date "2019.12.13"]
[Round "1"]
[White "Micheles"]
[Black "Jalenakravit"]
[WhiteElo "2630"]
[BlackElo "2669"]
[Result "1-0"]
[Round "1"]
1.d4 Ng8f6
2.Ng1f3 d5
3.Bc1g5 Nf6e4
4.Bg5h4 c5
5.dxc5 Nb8c6
6.e3 f6
7.Bf1e2 e5
8.Nb1d2 Ne4xc5
9.O-O Bf8e7
10.Nd2b3  { time }
1-0

[Event "Tourn. n10261"]
[Site "www.echecsemail.com"]
[Date "2019.12.13"]
[Round "1"]
[White "D4minance"]
[Black "Apdash"]
[WhiteElo "2880"]
[BlackElo "2280"]
[Result "1-0"]
[Round "1"]
1.d4 Ng8f6
2.c4 g6
3.g3 Bf8g7
4.Bf1g2 O-O
5.Nb1c3 d6
6.Ng1f3 Nb8c6
7.O-O Bc8g4
8.d5 Bg4xf3
9.exf3 Nc6e5
10.Qd1e2 Rf8e8
11.f4 Ne5d7
12.Bc1e3 e5
13.dxe6 Re8xe6
14.Bg2xb7 Ra8b8
15.Bb7g2 h5
16.Qe2c2 Nf6g4
17.Be3xa7 Rb8c8
18.Bg2d5 c5
19.Bd5xe6 fxe6
20.Qc2xg6 Nd7f6
21.Rf1e1 Qd8d7
22.Nc3b5 h4
23.h3 Ng4h6
24.g4 Nh6f7
25.Ra1d1 d5
26.g5 Nf7h8
27.Qg6d3 Nf6h5
28.Qd3f3 Rc8a8
29.Qf3xh5 Ra8xa7
30.Nb5xa7 Qd7xa7
31.Re1xe6 d4
32.Re6e8 Bg7f8
33.Re8xf8 Kxf8
34.Qh5xh8 { resign }
1-0

[Event "Match"]
[Site "www.echecsemail.com"]
[Date "2019.12.13"]
[Round "1"]
[White "Sonny1000"]
[Black "Bjonil60"]
[WhiteElo "1560"]
[BlackElo "1440"]
[Result "1-0"]
[Round "1"]
1.e4 Nb8c6
2.c3 e5
3.Ng1f3 Qd8e7
4.Bf1c4 Ng8f6
5.g4 g6
6.Nf3g5 h6
7.Bc4xf7 Kd8
8.Bf7c4 a6
9.Ng5f7 Ke8
10.Nf7xh8 Qe7g7
11.Nh8xg6 Qg7xg6
12.Qd1f3 Ke7
13.Bc4d3 Nf6xg4
14.h3 Ng4f6
15.Qf3f5 Qg6f7
16.Rh1g1 Ke8
17.Bd3c4 Qf7e7
18.Qf5g6 Kd8
19.d3 Nc6a5
20.Bc1xh6 Bf8xh6
21.Qg6xh6 d6
22.Qh6h8 Nf6e8
23.Bc4d5 c6
24.Bd5g8 c5
25.Bg8h7 b6
26.Rg1g6 Kd7
27.Bh7g8 b5
28.Bg8e6 Kc7
29.Be6xc8 Ra8xc8
30.Nb1d2 b4
31.cxb4 Na5b7
32.b5 axb5
33.Qh8g8 Ne8f6
34.Qg8b3 b4
35.Qb3a4 Qe7h7
36.Rg6xf6 Qh7xh3
37.Rf6f7 Kb8
38.Ke2 Qh3h5
39.Rf7f3 Rc8f8
40.Ra1g1 Qh5h2
41.Rf3xf8 Kc7
42.Rg1g7 Kb6
43.Nd2c4 
1-0

[Event "Tourn. n10225"]
[Site "www.echecsemail.com"]
[Date "2019.12.13"]
[Round "1"]
[White "Ditto"]
[Black "Malbertan"]
[WhiteElo "1950"]
[BlackElo "2050"]
[Result "1/2-1/2"]
[Round "1"]
1.e4 e5
2.Ng1f3 Nb8c6
3.Bf1c4 Ng8f6
4.Nb1c3 Bf8c5
5.d3 d6
6.Bc1g5 O-O
7.O-O Bc8g4
8.Nc3d5 Nc6d4
9.Nd5xf6 gxf6
10.Bg5h6 Rf8e8
11.c3 Nd4xf3
12.gxf3 Bg4h3
13.Rf1e1 f5
14.exf5 Qd8f6
15.Qd1d2 Qf6xf5
16.Bc4d5 Qf5g6
17.Qd2g5 Qg6xg5
18.Bh6xg5 Kg7
19.Re1e4 Bh3f5
20.Re4e1 Bf5xd3
21.Kh1 Bc5xf2
22.Re1c1 e4
23.Kg2 c6
24.Bd5xe4 Bd3xe4
25.fxe4 Bf2b6
26.Rc1e1 Re8e5
27.Bg5f4 Re5e6
28.Ra1d1 Bb6c7
29.Rd1d3 Ra8e8
30.Rd3g3 Re6g6
31.Kf1 Rg6xg3
32.Bf4xg3 Kg6
33.Re1e2 Re8e6
34.b3 Bc7a5
35.b4 Ba5b6
36.a4 Re6f6
37.Ke1 Rf6e6
{ draw }
1/2-1/2

[Event "Tourn. n10243"]
[Site "www.echecsemail.com"]
[Date "2019.12.13"]
[Round "1"]
[White "Galiany17"]
[Black "Fegatux"]
[WhiteElo "2590"]
[BlackElo "2230"]
[Result "1-0"]
[Round "1"]
1.e4 e5
2.Ng1f3 Nb8c6
3.Bf1c4 Bf8c5
4.c3 Ng8f6
5.d4 exd4
6.cxd4 Bc5b4
7.Bc1d2 Nf6xe4
8.Bd2xb4 Nc6xb4
9.Bc4xf7 Kxf7
10.Qd1b3 d5
11.Nf3e5 Ke6
12.Qb3xb4 c5
13.Qb4a3 cxd4
14.Ne5f3 Qd8b6
15.O-O Rh8e8
16.Rf1d1 d3
17.Rd1f1 Kf7
18.Qa3xd3 Bc8e6
19.Nb1c3 Ra8d8
20.Nc3xe4 dxe4
21.Qd3xe4 h6
22.Nf3e5 Kg8
23.b3 Qb6d6
24.Qe4e3 Qd6d4
25.Ra1e1 Be6f5
26.Qe3xd4 Rd8xd4
27.f3 Rd4d5
28.Ne5c4 Re8xe1
29.Rf1xe1 Kf7
30.Nc4e3 Rd5e5
31.Kf2 Bf5d7
32.Re1c1 Bd7c6
33.a4 Ke7
34.g3 g6
35.b4 Kd8
36.b5 Bc6xb5
37.axb5 Re5xb5
38.Rc1c2 a5
39.Rc2a2 b6
40.f4 Kd7
41.Kf3 h5
42.Ke4 Ke6
43.Ra2e2 Rb5b4
44.Kd3 Kf7
45.Ne3d5 Rb4b1
46.Re2e7 Kf8
47.Re7a7 Rb1b2
48.h4 Rb2g2
49.Ke4 Rg2e2
50.Kf3 Re2b2
51.Ke4 Rb2e2
52.Kd4 Re2e1
53.Nd5xb6 Re1g1
54.Ra7xa5 Rg1xg3
55.Ra5g5 Rg3g4
56.Rg5xg4 hxg4
57.Ke4 Kg7
58.Nb6d5 Kh6
59.Nd5f6 { resign }
1-0

[Event "Tourn. n10248"]
[Site "www.echecsemail.com"]
[Date "2019.12.13"]
[Round "1"]
[White "Cathar"]
[Black "Argento"]
[WhiteElo "2020"]
[BlackElo "2240"]
[Result "0-1"]
[Round "1"]
1.e4 e5
2.Ng1f3 Nb8c6
3.Bf1c4 Bf8c5
4.O-O Ng8f6
5.d3 d6
6.c3 a6
7.a4 Bc5a7
8.Nb1a3 Nc6e7
9.Na3c2 O-O
10.Bc1e3 Ba7xe3
11.Nc2xe3 a5
12.Qd1c2 Ne7g6
13.d4 Nf6g4
14.Rf1e1 Ng4xe3
15.Re1xe3 Ng6f4
16.Ra1d1 Qd8f6
17.Bc4f1 Bc8g4
18.h3 Nf4xh3
{ resign }
0-1

[Event "Tourn. n10210"]
[Site "www.echecsemail.com"]
[Date "2019.12.13"]
[Round "1"]
[White "Apdash"]
[Black "Claudia"]
[WhiteElo "2180"]
[BlackElo "2170"]
[Result "1/2-1/2"]
[Round "1"]
1.e4 c5
2.Ng1f3 d6
3.Bf1c4 e6
4.O-O Ng8f6
5.Nb1c3 Bf8e7
6.e5 dxe5
7.Nf3xe5 O-O
8.d3 a6
9.a4 Nb8d7
10.f4 Qd8c7
11.Qd1e2 b6
12.Rf1f3 Bc8b7
13.Rf3g3 g6
14.Bc1d2 Be7d6
15.Ne5xf7 Rf8xf7
16.Qe2xe6 Ra8f8
17.Qe6f5 Kg7
18.Bc4xf7 Rf8xf7
19.Qf5g5 Nd7f8
20.Ra1e1 Bb7c6
21.Rg3h3 Bc6d7
22.Nc3e4 Bd7xh3
23.Ne4xf6 Rf7xf6
24.Bd2c3 Bd6e7
25.gxh3 Qc7d7
26.f5 Kf7
27.Bc3xf6 Be7xf6
28.fxg6 hxg6
29.Re1f1 Qd7d4
30.Kg2 Kg7
31.Qg5g3 Qd4d5
32.Qg3f3 Qd5xf3
33.Rf1xf3 Bf6xb2
34.Rf3f1 Bb2c3
35.Rf1b1 Bc3a5
36.Kf3 Kf6
37.Ke4 Ke6
38.h4 Nf8d7
39.Rb1g1 Nd7f6
40.Kf4 Ba5d2
41.Kf3 Kf5
42.Rg1b1 Nf6d5
43.c4 Nd5b4
44.Rb1d1 Bd2f4
45.h3 Bf4e5
46.Ke3 Be5g3
47.Rd1f1 Ke6
48.Rf1g1 Bg3xh4
49.Rg1xg6 Bh4f6
50.h4 Nb4c2
51.Kd2 Nc2d4
52.h5 Kf7
53.Ke3 Nd4f5
54.Kf4 Nf5g7
55.Kg4 Ng7e6
56.Kf5 Ne6g7
57.Kg4 Ng7e6
58.Kf5 Ne6g7
{ draw }
1/2-1/2

[Event "Match"]
[Site "www.echecsemail.com"]
[Date "2019.12.13"]
[Round "1"]
[White "Llord"]
[Black "Apdash"]
[WhiteElo "1930"]
[BlackElo "2300"]
[Result "0-1"]
[Round "1"]
1.e4 e5
2.Ng1f3 Nb8c6
3.Bf1c4 Bf8c5
4.O-O Ng8f6
5.Nb1c3 O-O
6.d3 d6
7.Bc1g5 h6
8.Bg5h4 Bc8g4
9.h3 Bg4h5
10.Nc3d5 Nc6d4
11.c3 Nd4xf3
12.gxf3 g5
13.Bh4g3 c6
14.Nd5xf6 Qd8xf6
15.b4 Bh5xf3
16.Qd1b3 b5
17.d4 bxc4
18.Qb3xc4 Bf3xe4
19.dxc5 Qf6f3
{ resign }
0-1

[Event "Tourn. n10234"]
[Site "www.echecsemail.com"]
[Date "2019.12.13"]
[Round "1"]
[White "Biohazard"]
[Black "Reignblowcan"]
[WhiteElo "2860"]
[BlackElo "2600"]
[Result "0-1"]
[Round "1"]
1.d3 d5
2.g3 e5
3.Bf1g2 Ng8f6
4.c4 dxc4
5.Qd1a4 c6
6.Qa4xc4 Bf8d6
7.Ng1f3 O-O
8.O-O Bc8e6
9.Qc4c2 Nb8d7
10.b3 Bd6c7
11.Nb1d2 Rf8e8
 { time }
0-1